The H Quiz Stats

 Plays Quiz not verified by Sporcle

Support Sporcle.
Go Orange.
Score 0/40 Timer 10:00
0 Plays Today
Hint Answer % Correct
ElementsHelium
87.6%
ElementsHydrogen
84.6%
Body PartsHead
75.6%
Shakespeare playsHamlet
73.8%
CountriesHaiti
73.6%
Body PartsHand
71.2%
CountriesHonduras
69.2%
U.S. PresidentsHerbert Hoover
69.2%
CountriesHungary
65.4%
Body PartsHeart
60.6%
U.S. State CapitalsHonolulu, Hawaii
55%
Body PartsHip
51.8%
Body PartsHair
50.4%
U.S. State CapitalsHelena, Montana
41%
Body PartsHeel
41%
World CapitalsHelsinki, Finland
40.4%
U.S. State CapitalsHarrisburg, Pennsylvania
38.4%
Shakespeare playsHenry V
35.4%
U.S. State CapitalsHartford, Connecticut
35.2%
U.S. PresidentsWarren G. Harding
33.8%
Hint Answer % Correct
U.S. PresidentsRutherford B. Hayes
32.6%
U.S. PresidentsWilliam Henry Harrison
32%
Shakespeare playsHenry VIII
31.4%
U.S. PresidentsBenjamin Harrison
28.6%
World CapitalsHanoi, Vietnam
26.8%
World CapitalsHavana, Cuba
24.4%
Book of the Bible (King James)Hebrews
20.2%
ElementsHafnium
17%
Book of the Bible (King James)Hosea
16%
World CapitalsHarare, Zimbabwe
15%
Book of the Bible (King James)Habakkuk
11.6%
Shakespeare playsHenry IV, Part 1
11%
Shakespeare playsHenry IV, Part 2
11%
Shakespeare playsHenry VI, Part 1
10.6%
Shakespeare playsHenry VI, Part 2
10.6%
Shakespeare playsHenry VI, Part 3
10.2%
ElementsHolmium
10%
Book of the Bible (King James)Haggai
7.8%
ElementsHassium
7.6%
World CapitalsHoniara, Solomon Islands
6.6%

You're not logged in!

Compare scores with friends on all Sporcle quizzes.
OR
Log In

From the Vault

Nonsense Song Titles

by DesertSpartan

Musicians do a lot of unusual things on stage too.
Remove Ads.
Support Sporcle.
Get the best of Sporcle when you Go Orange. This ad-free experience offers more features, more stats, and more fun while also helping to support Sporcle. Thank you for becoming a member.

Show Comments

Extras

Created Oct 3, 2009ReportNominate
Tags:Begins With

Top Quizzes Today


Score Distribution

Your Account Isn't Verified!

In order to create a playlist on Sporcle, you need to verify the email address you used during registration. Go to your Sporcle Settings to finish the process.

Report this User

Report this user for behavior that violates our Community Guidelines.

Details: